Library of the World's Best Literature, Ancient and Modern — Volume 5 (Record no. 242775)
[ view plain ]
| 000 -LEADER | |
|---|---|
| fixed length control field | 00825cam a22002653a 4500 |
| 001 - CONTROL NUMBER | |
| control field | 13520 |
| 003 - CONTROL NUMBER IDENTIFIER | |
| control field | PGUSA |
| 005 - DATE AND TIME OF LATEST TRANSACTION | |
| control field | 20140828083306.0 |
| 008 - FIXED-LENGTH DATA ELEMENTS--GENERAL INFORMATION | |
| fixed length control field | 040924s2004||||xxu|||||s|||||000 | eng d |
| 040 ## - CATALOGING SOURCE | |
| Original cataloging agency | PGUSA |
| Language of cataloging | eng |
| 042 ## - AUTHENTICATION CODE | |
| Authentication code | dc |
| 050 #4 - LIBRARY OF CONGRESS CALL NUMBER | |
| Classification number | PN |
| 245 10 - TITLE STATEMENT | |
| Title | Library of the World's Best Literature, Ancient and Modern — Volume 5 |
| Medium | [electronic resource] |
| 260 ## - PUBLICATION, DISTRIBUTION, ETC. (IMPRINT) | |
| Name of publisher, distributor, etc | Project Gutenberg, |
| Date of publication, distribution, etc | 2004 |
| 506 ## - RESTRICTIONS ON ACCESS NOTE | |
| Terms governing access | Public domain in the USA. |
| 516 ## - TYPE OF COMPUTER FILE OR DATA NOTE | |
| Type of computer file or data note | Electronic text |
| 653 ## - INDEX TERM--UNCONTROLLED | |
| Uncontrolled term | Literature -- Collections |
| 700 1# - ADDED ENTRY--PERSONAL NAME | |
| Personal name | Mabie, Hamilton Wright, |
| Dates associated with a name | 1846-1916 |
| 700 1# - ADDED ENTRY--PERSONAL NAME | |
| Personal name | Warner, George H., |
| Dates associated with a name | 1833-1919 |
| 700 1# - ADDED ENTRY--PERSONAL NAME | |
| Personal name | Warner, Charles Dudley, |
| Dates associated with a name | 1829-1900 |
| 700 1# - ADDED ENTRY--PERSONAL NAME | |
| Personal name | Runkle, Lucia Isabella Gilbert, |
| Dates associated with a name | 1844- |
| 830 #0 - SERIES ADDED ENTRY--UNIFORM TITLE | |
| Uniform title | Project Gutenberg |
| Volume number/sequential designation | 13520 |
| 856 40 - ELECTRONIC LOCATION AND ACCESS | |
| Uniform Resource Identifier | <a href="http://www.gutenberg.org/ebooks/13520">http://www.gutenberg.org/ebooks/13520</a> |
| 942 ## - ADDED ENTRY ELEMENTS (KOHA) | |
| Koha item type | eBooks |
| Withdrawn status | Lost status | Damaged status | Home library | Current library | Date acquired | Total Checkouts | Date last seen | Price effective from | Koha item type |
|---|---|---|---|---|---|---|---|---|---|
| Project Gutenberg | Project Gutenberg | 08/28/2014 | 08/28/2014 | 08/28/2014 | eBooks |